00226nam a2200085Ia 4500001000800000005001700008008004100025245005300066260002100119125059920251031150859.0251031s9999 xx 000 0 und d 0cHALİT KAKINÇaB-5 YAZILMAMIŞ BİR TARİH bDESTEK YAYINLARI